Obálka Náhled e-knihy:
PDF Epub
Pro půjčování e-knih musíte být přihlášeni.
Jak si půjčit online?

Projekt Alfa. Na útěku /

Druhý díl dívčí fantasy řady, v němž se hrdinka Layla v nové roli pokouší především přežít a zničit zlověstný výzkumný program.

Uloženo v:
Série:Projekt Alfa, část 2
Hlavní autor: Dostálová, Lenka, 1992- (Autor)
Médium: E-kniha
Jazyk:Czech
Vydáno: Praha : Fragment, 2018
Vydání:1. vydání
Témata:
Příbuzné jednotky:Z cyklu:: Projekt Alfa
Tagy:
Žádné tagy
LEADER 02450nam a2200493 i 4500
001 310869
003 CZ PrSKC
005 20260601215656.0
007 ta
008 180220s2018 xr d 000 f cze
015 |a cnb002981067 
020 |a 9788025335819  |q (brožováno) :  |c Kč 229,00 
035 |a (OCoLC)1031055235 
040 |a OLA001  |b cze  |e rda 
072 7 |a 821.162.3-3  |x Česká próza  |2 Konspekt 
072 7 |a 821-93  |x Literatura pro děti a mládež (beletrie)  |2 Konspekt 
080 |a 821.162.3-31  |2 MRF 
080 |a 821-93  |2 MRF 
080 |a (0:82-311.9)  |2 MRF 
100 1 |a Dostálová, Lenka,  |d 1992-  |7 ola2016911518  |4 aut 
245 1 0 |a Projekt Alfa.  |p Na útěku /  |c Lenka Dostálová 
246 3 0 |a Na útěku 
250 |a 1. vydání 
264 1 |a Praha :  |b Fragment,  |c 2018 
300 |a 263 stran ;  |c 21 cm 
336 |a text  |b txt  |2 rdacontent 
337 |a bez média  |b n  |2 rdamedia 
338 |a svazek  |b nc  |2 rdacarrier 
520 2 |a Druhý díl dívčí fantasy řady, v němž se hrdinka Layla v nové roli pokouší především přežít a zničit zlověstný výzkumný program. 
520 2 |a Laylin život se změnil ze dne na den. Musela se naučit, jak bojovat a udržet se naživu. Teď se chce pomstít a zničit Guntega a jeho výzkumný program. Ví, že není jediná alfa, které se podařilo přežít. Je jich víc a Gunteg je chce všechny najít, ovládnout a postavit z nich neporazitelnou armádu. Proto musí být rychlejší a najít je dřív než on. Nakladatelská anotace. 
521 8 |a Pro čtenáře od 14 let 
655 7 |a české romány  |7 fd133974  |2 czenas 
655 7 |a vědecko-fantastické romány  |7 fd133847  |2 czenas 
655 7 |a publikace pro mládež  |7 fd133157  |2 czenas 
655 9 |a Czech fiction  |2 eczenas 
655 9 |a science fiction novels  |2 eczenas 
655 9 |a juvenile literature  |2 eczenas 
787 0 8 |i Z cyklu:  |t Projekt Alfa  |g 2 
900 |a ABA001  |b 21 
928 9 |a Albatros Media - Fragment 
044 |a xr 
910 |a RBIT002 
998 |d 177574  |a https://core.palmknihy.cz/api/books/177574/cover?p4jm4j  |b https://core.palmknihy.cz/api/books/177574/cover/400?p4jm4j  |c https://core.palmknihy.cz/api/books/177574/cover/50?p4jm4j  |e 2039-12-31  |g 264  |i 9788025335819  |j https://core.palmknihy.cz/api/books/177574/preview.epub  |k https://core.palmknihy.cz/api/books/177574/preview.pdf  |l   |q 49  |r 1  |s https://www.palmknihy.cz/kniha/177574  |t ebook  |y 2018  |z 0  |v Projekt Alfa  |w 2 
999 |d 310867